LEADER 01828nam a2200301 i 4500 001 000000045919 003 CaOOAMICUS 005 20150716000000.0 008 150716n it u000 u ita u 013 $a17089 040 $aSeMil$bita 245 13$aLa dottrina sociale della Chiesa nella "Rivista internazionale di scienze sociali" (1943-1967) /$cUniversità Cattolica del Sacro Cuore : Centro di ricerche per lo studio della dottrina sociale della Chiesa ; a cura di Francesca Duchini, Daniela Parisi, Claudia Rotondi. 260 $a[S.l. :$bs.n.],$c199?] 300 $aVI, 64 p. ;$c24 cm. 490 0 $aQuaderni pubblicati dal Centro di ricerche per lo studio della dottrina sociale della Chiesa ;$vQuaderno n.3 500 $aContiene : Nota bibliografica. 650 4$aChiesa cattolica - Dottrina sociale.$0(OLS)http://semarc/subject/330 650 4$aRivista internazionale di Scienze Sociali .$0(OLS)http://semarc/subject/9783 700 1 $aRotondi, Claudia.$0(OLS)http://semarc/name/22832 700 1 $aParisi, Daniela.$0(OLS)http://semarc/name/22831 700 1 $aDuchini, Francesca <1919-2010>.$0(OLS)http://semarc/name/22830 710 2 $aUniversità Cattolica del Sacro Cuore : Centro di ricerche per lo studio della dottrina sociale della Chiesa.$0(OLS)http://semarc/name/200 830 0$aQuaderni pubblicati dal Centro di ricerche per lo studio della dottrina sociale della Chiesa ;$vQuaderno n.3.$0(OLS)http://semarc/title/309 850 $aSeMil 852 $aSeMil$W1$xVenegono$y1$m3N V 193$j12074$B12074$CSeMilBibl$Z2$F12074 $81 961 $aOmaggio: Donazione 996 $6245$aLa dottrina sociale della Chiesa nella "Rivista internazionale di scienze sociali" (1943-1967)$9(OLS)http://semarc/title/68482 996 $6260$a[S.l. :$bs.n.]$9(OLS)http://semarc/publisher/29751 LEADER 01228nam a2200277 i 4500 001 000000119610 003 CaOOAMICUS 005 20031031000000.0 008 031031s1988 it u000 u ita u 013 $a92304 020 $a88-213-0162-1 040 $aSeMil$bita 100 1 $aBraido, Pietro,$c.$0(OLS)http://semarc/name/4486 245 10$aDon Bosco per i giovani :$bl'Oratorio una Congregazione degli Oratori : documenti /$cPietro Braido. 260 $aRoma :$bLAS,$c1988. 300 $a167 p. ;$c24 cm. 490 0 $aPiccola biblioteca dell'Istituto storico salesiano ;$v9 500 $aFondo Card. C.M. Martini. 650 4$aBosco, Giovanni - Oratorio.$0(OLS)http://semarc/subject/22415 830 0$aPiccola biblioteca dell'Istituto storico salesiano ;$v9.$0(OLS)http://semarc/title/10884 850 $aSeMil 852 $aSeMil$W1$xVenegono$y1$m3H IV 26$j74817$B74817$CSeMilBibl$Z2$F78729 $81 941 1 $a4 996 $6020$a88-213-0162-1$9(OLS)http://semarc/number/104543 996 $6245$aDon Bosco per i giovani :$bl'Oratorio una Congregazione degli Oratori : documenti$9(OLS)http://semarc/title/175827 996 $6260$aRoma :$bLAS$9(OLS)http://semarc/publisher/29900